000 00437nam a2200181Ia 4500
003 OSt
005 20260108154937.0
008 251219s9999 xx 000 0 und d
020 _a9789391165482
041 _aeng
082 _a158.1
_bWAR DB3274
100 _aWarikoo A
_9215994
245 _aDo Epic Shit
260 _bJuggernaut Books
_c2021
300 _a293
_bHard Bound
500 _aPersonality Development
942 _2ddc
_cDB
999 _c369528
_d369528